000 00340nam a2200145Ia 4500
008 150201s2008 xx 000 0 und d
082 _a617.7
_bO08N
100 _aNEMA, H.V.
245 _aTB. OF OPHTHALMOLOGY
250 _a5TH
260 _bJAYPEE BROTHERS
_aDELHI
_c2008
300 _a1-561
650 _aOPHTHALMOLOGY
942 _2ddc
_cBK
_04
999 _c122
_d122